<?xml version="1.0" encoding="UTF-8"?>
<collection xmlns="http://www.loc.gov/MARC21/slim">
    <record>
        <controlfield tag="001">5979</controlfield>
        <controlfield tag="005">20150325135830.0</controlfield>
        <datafield tag="037" ind1=" " ind2=" ">
            <subfield code="a">TAZ-PFC-2011-297</subfield>
        </datafield>
        <datafield tag="041" ind1=" " ind2=" ">
            <subfield code="a">spa</subfield>
        </datafield>
        <datafield tag="100" ind1="1" ind2=" ">
            <subfield code="a">Pérez Ferrer, Jaime</subfield>
        </datafield>
        <datafield tag="245" ind1="0" ind2="0">
            <subfield code="a">Fondo antiguo científico-técnico de la Biblioteca Ildefonso Manuel Gil</subfield>
        </datafield>
        <datafield tag="260" ind1=" " ind2=" ">
            <subfield code="a">Zaragoza</subfield>
            <subfield code="b">Universidad de Zaragoza</subfield>
            <subfield code="c">2011</subfield>
        </datafield>
        <datafield tag="506" ind1=" " ind2=" ">
            <subfield code="a">by-nc-sa</subfield>
            <subfield code="b">Creative Commons</subfield>
            <subfield code="c">3.0</subfield>
            <subfield code="u">http://creativecommons.org/licenses/by-nc-sa/3.0/</subfield>
        </datafield>
        <datafield tag="520" ind1=" " ind2=" ">
            <subfield code="a">Fondo Antiguo Científico-Técnico de la Biblioteca Ildefonso Manuel Gil, es una aplicación multimedia realizada con el programa Adobe Director 11.5. La aplicación, incluye imágenes, un vídeo e información sobre la biblioteca en un archivo ejecutable en cualquier ordenador. El soporte elegido para su difusión será el DVD debido al gran contenido de fotografías, que en tamaño supera los 2 Gb de memoria. Cuenta con dos partes bien diferenciadas, por un lado la historia de la Biblioteca, sus orígenes y de donde provienen sus fondos. Para lo que se han empleado diferentes escenas con texto y fotografías de la Biblioteca. En la otra parte de la aplicación se puede acceder a los libros del fondo antiguo de materias científico-técnicas que han sido digitalizados. Las materias que hay son matemáticas, física, química y electrónica, y el fondo antiguo comprende 329 libros y revistas anteriores a 1958. Las bibliotecas que más libros cuentan en esta colección científico-técnica son la del Casino Mercantil con 177 y la del Casino principal con 77 respectivamente.</subfield>
        </datafield>
        <datafield tag="521" ind1=" " ind2=" ">
            <subfield code="a">Ingeniero Técnico Industrial (Esp. Electrónica Industrial)</subfield>
        </datafield>
        <datafield tag="540" ind1=" " ind2=" ">
            <subfield code="a">Derechos regulados por licencia Creative Commons</subfield>
        </datafield>
        <datafield tag="700" ind1=" " ind2=" ">
            <subfield code="a">Velamazán Gimeno, María Ángeles</subfield>
            <subfield code="e">dir.</subfield>
        </datafield>
        <datafield tag="700" ind1=" " ind2=" ">
            <subfield code="a">Ferrer López, María Pilar</subfield>
            <subfield code="e">dir.</subfield>
        </datafield>
        <datafield tag="710" ind1="2" ind2=" ">
            <subfield code="a">Universidad de Zaragoza</subfield>
            <subfield code="b">Matemática Aplicada</subfield>
            <subfield code="c">Matemática Aplicada</subfield>
        </datafield>
        <datafield tag="830" ind1=" " ind2=" ">
            <subfield code="a">EUITIZ</subfield>
        </datafield>
        <datafield tag="856" ind1="0" ind2=" ">
            <subfield code="f">524544@celes.unizar.es</subfield>
        </datafield>
        <datafield tag="856" ind1="4" ind2=" ">
            <subfield code="s">1814355</subfield>
            <subfield code="u">http://zaguan.unizar.es/record/5979/files/TAZ-PFC-2011-297.pdf</subfield>
            <subfield code="y">Memoria (spa)</subfield>
        </datafield>
        <datafield tag="909" ind1="C" ind2="O">
            <subfield code="o">oai:zaguan.unizar.es:5979</subfield>
            <subfield code="p">driver</subfield>
            <subfield code="p">proyectos-fin-carrera</subfield>
        </datafield>
        <datafield tag="950" ind1=" " ind2=" ">
            <subfield code="a"></subfield>
        </datafield>
        <datafield tag="980" ind1=" " ind2=" ">
            <subfield code="a">TAZ</subfield>
            <subfield code="b">PFC</subfield>
            <subfield code="c">EUITIZ</subfield>
        </datafield>
    </record>

    
</collection>